[Event "Bundesliga 2324"]
[Site "Germany"]
[Date "2023.12.02"]
[Round "3.1"]
[White "Meister, Peter"]
[Black "Moehn, Hans"]
[Result "1/2-1/2"]
[WhiteElo "2332"]
[BlackElo "2392"]
[PlyCount "40"]
[EventDate "2023.10.21"]
[EventType "team-tourn"]
[EventRounds "15"]
[EventCountry "GER"]
[SourceTitle "CB49_2023"]
[SourceDate "2023.12.06"]
[SourceVersion "1"]
[SourceVersionDate "2023.12.06"]
[SourceQuality "1"]
[WhiteTeam "Bayern Muenchen"]
[BlackTeam "Dresden TU"]
[WhiteTeamCountry "GER"]
[BlackTeamCountry "GER"]

1. d4 Nf6 2. Nf3 g6 3. Bf4 Bg7 4. e3 0-0 5. Be2 d6 6. h3 c5 7. 0-0 Qb6 8. Nbd2 cxd4 9. Nc4 Qc7 10. exd4 Be6 11. Ne3 Nd5 12. Bg3 Nxe3 13. fxe3 Bf5 14. c4 Qb6 15. Bd3 Bxd3 16. Qxd3 Nc6 17. a3 a5 18. Rac1 Rad8 19. Rf2 Bh6 20. Bh4 Rd7 1/2-1/2

[Event "Bundesliga 2223"]
[Site "Germany"]
[Date "2023.04.02"]
[Round "13.2"]
[White "Bacrot, Etienne"]
[Black "Moehn, Hans"]
[Result "1-0"]
[WhiteElo "2646"]
[BlackElo "2363"]
[PlyCount "89"]
[EventDate "2022.10.21"]
[EventType "team-tourn"]
[EventRounds "15"]
[EventCountry "GER"]
[SourceTitle "CBM 213 Extra"]
[Source "ChessBase"]
[SourceDate "2023.05.31"]
[SourceVersion "1"]
[SourceVersionDate "2023.05.31"]
[SourceQuality "1"]
[WhiteTeam "Baden-Baden"]
[BlackTeam "Dresden TU"]
[WhiteTeamCountry "GER"]
[BlackTeamCountry "GER"]

1. e4 c5 2. Nf3 e6 3. d4 cxd4 4. Nxd4 Nf6 5. Nc3 d6 6. g4 h6 7. Rg1 Nc6 8. Be3 Be7 9. h4 d5 10. Bb5 Bd7 11. exd5 Nxd5 12. Nxd5 exd5 13. g5 hxg5 14. hxg5 Rh4 15. Bxc6 bxc6 16. Qf3 c5 17. Nf5 Bxf5 18. Qxf5 d4 19. g6 Bf6 20. 0-0-0 Qd7 21. gxf7+ Qxf7 22. Qxc5 Qxa2 23. Qc6+ Kf7 24. Qb7+ Ke6 25. Qxa8 Qa1+ 26. Kd2 Qa5+ 27. Ke2 Qb5+ 28. Rd3 dxe3 29. Qg8+ Ke7 30. Rxg7+ Bxg7 31. Qxg7+ Ke6 32. Qg8+ Kf5 33. Qf7+ Kg5 34. Qd5+ Qxd5 35. Rxd5+ Kf6 36. fxe3 Ra4 37. b3 Ra1 38. Rd1 Ra6 39. Rd4 Rc6 40. Kd3 Ke6 41. c4 Rc5 42. b4 Rh5 43. b5 Rh1 44. Kc3 Rb1 45. Rd8 1-0

[Event "Bundesliga 2223"]
[Site "Germany"]
[Date "2023.03.18"]
[Round "10.6"]
[White "Watson, William N"]
[Black "Moehn, Hans"]
[Result "0-1"]
[WhiteElo "2492"]
[BlackElo "2363"]
[PlyCount "92"]
[EventDate "2022.10.21"]
[EventType "team-tourn"]
[EventRounds "15"]
[EventCountry "GER"]
[SourceTitle "CBM 213 Extra"]
[Source "ChessBase"]
[SourceDate "2023.05.31"]
[SourceVersion "1"]
[SourceVersionDate "2023.05.31"]
[SourceQuality "1"]
[WhiteTeam "Muenchen 36"]
[BlackTeam "Dresden TU"]
[WhiteTeamCountry "GER"]
[BlackTeamCountry "GER"]

1. e4 c5 2. Nf3 e6 3. d4 cxd4 4. Nxd4 a6 5. Nc3 Qc7 6. Bd3 Nf6 7. f4 b5 8. a3 d6 9. g4 h6 10. Qe2 Bb7 11. Bd2 Nc6 12. Nxc6 Bxc6 13. 0-0-0 Qb7 14. Rhf1 Nd7 15. e5 dxe5 16. f5 exf5 17. Bxf5 Be7 18. Bxd7+ Bxd7 19. Qxe5 Be6 20. Be3 Bf6 21. Rxf6 gxf6 22. Qxf6 Rg8 23. Bc5 Qc7 24. Ne4 Rd8 25. Bd6 Rxd6 26. Nxd6+ Kf8 27. Qxh6+ Ke7 28. Qh4+ Kf8 29. Ne4 Qf4+ 30. Kb1 Kg7 31. Ng5 Bf5 32. Nxf7 Bxc2+ 33. Kxc2 Qe4+ 34. Rd3 Qe2+ 35. Kc3 Rc8+ 36. Kb4 Qxd3 37. Qe7 Qd2+ 38. Kb3 Qd5+ 39. Kb4 Qd2+ 40. Kb3 Qd5+ 41. Kb4 Rc4+ 42. Ka5 Ra4+ 43. Kb6 Qxf7 44. Qg5+ Qg6+ 45. Qxg6+ Kxg6 46. h4 b4 0-1

[Event "Bundesliga 2223"]
[Site "Germany"]
[Date "2023.02.25"]
[Round "8.8"]
[White "Jaracz, Pawel"]
[Black "Moehn, Hans"]
[Result "0-1"]
[WhiteElo "2463"]
[BlackElo "2363"]
[PlyCount "94"]
[EventDate "2022.10.21"]
[EventType "team-tourn"]
[EventRounds "15"]
[EventCountry "GER"]
[SourceTitle "CBM 213 Extra"]
[Source "ChessBase"]
[SourceDate "2023.05.31"]
[SourceVersion "1"]
[SourceVersionDate "2023.05.31"]
[SourceQuality "1"]
[WhiteTeam "Remagen Sinzig"]
[BlackTeam "Dresden TU"]
[WhiteTeamCountry "GER"]
[BlackTeamCountry "GER"]

1. e4 c5 2. Nf3 e6 3. d4 cxd4 4. Nxd4 a6 5. Bd3 Qb6 6. c3 Qc7 7. 0-0 Nf6 8. Qe2 d6 9. c4 Be7 10. Nc3 0-0 11. f4 Nbd7 12. Kh1 b6 13. Bd2 Rd8 14. g4 g6 15. Rac1 Nc5 16. g5 Nxd3 17. Qxd3 Nd7 18. b3 Bb7 19. Kg1 Nc5 20. Qe3 Re8 21. b4 Nd7 22. f5 Bf8 23. Qh3 exf5 24. Nd5 Bxd5 25. cxd5 Qb7 26. exf5 Qxd5 27. fxg6 hxg6 28. Nf3 Ne5 29. Rc7 Re7 30. Rxe7 Bxe7 31. Bc3 Nxf3+ 32. Rxf3 Qxg5+ 33. Rg3 Qc1+ 34. Kg2 Qc2+ 35. Kf1 Qb1+ 36. Ke2 Qe4+ 37. Kd2 Bf6 38. Bxf6 Qf4+ 39. Kc2 Qxf6 40. Rc3 Kg7 41. Qe3 b5 42. Rc6 Rh8 43. Qg3 Qd4 44. Rxd6 Rc8+ 45. Kb3 Qc4+ 46. Ka3 Qc1+ 47. Kb3 Qc2+ 0-1

[Event "Bundesliga 2122"]
[Site "Germany"]
[Date "2022.04.09"]
[Round "3.2"]
[White "Moehn, Hans"]
[Black "Hausrath, Daniel"]
[Result "0-1"]
[WhiteElo "2360"]
[BlackElo "2480"]
[PlyCount "74"]
[EventDate "2022.03.05"]
[EventType "team-tourn"]
[EventRounds "15"]
[EventCountry "GER"]
[SourceTitle "EXT 2023"]
[Source "ChessBase"]
[SourceDate "2022.10.05"]
[SourceVersion "1"]
[SourceVersionDate "2022.10.05"]
[SourceQuality "1"]
[WhiteTeam "Dresden TU"]
[BlackTeam "Muelheim Nord"]
[WhiteTeamCountry "GER"]
[BlackTeamCountry "GER"]

1. Nf3 Nf6 2. g3 g6 3. b3 Bg7 4. Bb2 c5 5. c4 d6 6. Bg2 e5 7. 0-0 Nc6 8. Nc3 Rb8 9. d3 0-0 10. e3 Bf5 11. Ng5 Ng4 12. Nge4 a6 13. Nd5 Be6 14. h3 Nh6 15. Qd2 f5 16. Nec3 g5 17. f4 Kh8 18. Ne2 gxf4 19. gxf4 Rg8 20. Kh1 Qh4 21. Ng1 e4 22. Qf2 Qxf2 23. Rxf2 Bxb2 24. Rxb2 Bxd5 25. cxd5 Nb4 26. dxe4 fxe4 27. Rd2 Nf5 28. Kh2 Nxe3 29. Bxe4 Rbe8 30. Bh1 Nbc2 31. Rc1 Nd4 32. Nf3 Ne2 33. Rb1 Nxf4 34. b4 c4 35. Nd4 c3 36. Rf2 Nd3 37. Rf3 c2 0-1

[Event "Bundesliga 1920"]
[Site "Germany"]
[Date "2021.10.17"]
[Round "15.6"]
[White "Moehn, Hans"]
[Black "Gavrilescu, David"]
[Result "0-1"]
[WhiteElo "2370"]
[BlackElo "2454"]
[PlyCount "106"]
[EventDate "2019.11.23"]
[EventType "team-tourn"]
[EventRounds "15"]
[EventCountry "GER"]
[SourceTitle "EXT 2022"]
[Source "ChessBase"]
[SourceDate "2021.10.06"]
[SourceVersion "1"]
[SourceVersionDate "2021.10.06"]
[SourceQuality "1"]
[WhiteTeam "Dresden TU"]
[BlackTeam "Kiel Turm"]
[WhiteTeamCountry "GER"]
[BlackTeamCountry "GER"]

1. Nf3 d5 2. g3 c5 3. Bg2 Nf6 4. 0-0 e6 5. b3 Be7 6. Bb2 0-0 7. e3 b6 8. d3 Bb7 9. Nbd2 Nc6 10. Ne5 Nxe5 11. Bxe5 Nd7 12. Bb2 Bf6 13. Bxf6 Qxf6 14. e4 Rad8 15. f4 Qd4+ 16. Kh1 dxe4 17. Nxe4 Bxe4 18. Bxe4 Nf6 19. Bf3 Rfe8 20. Re1 e5 21. fxe5 Rxe5 22. Qd2 Rde8 23. a4 h5 24. Rad1 h4 25. Rxe5 Rxe5 26. Rf1 h3 27. c3 Qe3 28. Qd1 Re7 29. Bg4 Nxg4 30. Qxg4 g6 31. Qxh3 Qxd3 32. a5 bxa5 33. Qg2 Qxc3 34. Qd5 Qd4 35. Qxd4 cxd4 36. Rd1 Rd7 37. Kg2 f5 38. Kf1 Kf7 39. Ke2 Kf6 40. Kd3 Kg5 41. Ra1 Kg4 42. Rxa5 g5 43. Ra6 Kh3 44. Rg6 g4 45. Rh6+ Kg2 46. b4 Rb7 47. Kxd4 Rxb4+ 48. Ke5 Rb5+ 49. Kf4 a5 50. Rc6 Kxh2 51. Rc2+ Kh3 52. Rc3 a4 53. Ra3 Rb3 0-1

[Event "Bundesliga 1920"]
[Site "Germany"]
[Date "2020.02.23"]
[Round "8.6"]
[White "Moehn, Hans"]
[Black "Maze, Sebastien"]
[Result "0-1"]
[WhiteElo "2370"]
[BlackElo "2541"]
[PlyCount "50"]
[EventDate "2019.11.23"]
[EventType "team-tourn"]
[EventRounds "15"]
[EventCountry "GER"]
[SourceTitle "CBM 195 Extra"]
[Source "ChessBase"]
[SourceDate "2020.05.31"]
[SourceVersion "1"]
[SourceVersionDate "2020.05.31"]
[SourceQuality "1"]
[WhiteTeam "Dresden TU"]
[BlackTeam "Viernheim"]
[WhiteTeamCountry "GER"]
[BlackTeamCountry "GER"]

1. Nf3 Nf6 2. g3 g6 3. b3 Bg7 4. Bb2 d6 5. d4 a5 6. a4 0-0 7. Bg2 e5 8. dxe5 Nfd7 9. Na3 dxe5 10. e4 Qe7 11. 0-0 Nc5 12. Nc4 Nc6 13. Qe1 b6 14. Qe3 Ba6 15. Nfd2 Rfd8 16. Rac1 Qe6 17. Ra1 Nd4 18. Rfc1 h5 19. Bf1 Kh7 20. Qe1 Bh6 21. Ne3 Bxf1 22. Qxf1 Rd7 23. Kg2 Rad8 24. Qc4 Bxe3 25. fxe3 Nxc2 0-1

[Event "Rilton Cup 49th"]
[Site "Stockholm"]
[Date "2020.01.02"]
[Round "6"]
[White "Moehn, Hans"]
[Black "Keso, Elias"]
[Result "1-0"]
[WhiteElo "2373"]
[BlackElo "2200"]
[PlyCount "99"]
[EventDate "2019.12.27"]
[EventType "swiss"]
[EventRounds "9"]
[EventCountry "SWE"]
[SourceTitle "CBM 194 Extra"]
[Source "ChessBase"]
[SourceDate "2020.03.31"]
[SourceVersion "1"]
[SourceVersionDate "2020.03.31"]
[SourceQuality "1"]

1. c4 Nf6 2. Nc3 g6 3. d4 Bg7 4. Nf3 0-0 5. g3 d6 6. Bg2 c6 7. 0-0 Qb6 8. b3 e5 9. dxe5 dxe5 10. Be3 Qa5 11. Qc1 Re8 12. Ng5 Na6 13. Nge4 Nxe4 14. Nxe4 f5 15. Nd6 Re7 16. Nxc8 Rxc8 17. a3 e4 18. b4 Qc7 19. Rb1 Rd7 20. Bg5 Rf8 21. c5 Qe5 22. Qc4+ Qd5 23. Qc2 Nc7 24. Rbd1 Qe6 25. Rxd7 Qxd7 26. Rd1 Nd5 27. f3 exf3 28. Bxf3 Qe6 29. Qc4 h6 30. Bc1 Nc7 31. Qxe6+ Nxe6 32. Rd6 Nd4 33. Rxg6 Kh7 34. Rxg7+ Kxg7 35. Bb2 Rd8 36. e3 Kg6 37. Bxd4 Re8 38. Kf2 a6 39. Ke2 Re7 40. Kd3 Re8 41. h3 Re7 42. g4 fxg4 43. hxg4 Kg5 44. Ke2 Rf7 45. Be5 Rf8 46. Bf4+ Kg6 47. Be4+ Kg7 48. Bd6 Ra8 49. Be5+ Kf7 50. Kd3 1-0

[Event "Bayern-chI Bank Hofmann 23rd"]
[Site "Tegernsee"]
[Date "2019.10.28"]
[Round "3"]
[White "Vetoshko, Volodymyr"]
[Black "Moehn, Hans"]
[Result "1-0"]
[WhiteElo "2506"]
[BlackElo "2370"]
[PlyCount "85"]
[EventDate "2019.10.26"]
[EventType "swiss"]
[EventRounds "9"]
[EventCountry "GER"]
[SourceTitle "CBM 192 Extra"]
[Source "Chessbase"]
[SourceDate "2019.11.06"]
[SourceVersion "1"]
[SourceVersionDate "2019.11.06"]
[SourceQuality "1"]

1. d4 Nf6 2. c4 g6 3. Nc3 Bg7 4. e4 d6 5. Be2 0-0 6. Be3 e5 7. d5 a5 8. g4 Na6 9. h4 Nc5 10. f3 h5 11. g5 Nfd7 12. Nh3 Nb6 13. Nf2 Bd7 14. Qd2 Qe7 15. 0-0-0 Rfd8 16. Kb1 Be8 17. Nb5 Bf8 18. Na3 c6 19. Rc1 Qc7 20. Rhd1 Nbd7 21. Nh1 Na6 22. Ng3 Ndc5 23. Rf1 Bg7 24. f4 exf4 25. Rxf4 Nd7 26. Bxh5 gxh5 27. Nxh5 Ne5 28. Bd4 Rac8 29. Nf6+ Kf8 30. Rcf1 Nb4 31. Qe2 Nbd3 32. Rf5 Bd7 33. Nxd7+ Rxd7 34. h5 Kg8 35. h6 Bh8 36. Qh5 Kh7 37. Bb6 Qxb6 38. Rxf7+ Rxf7 39. Rxf7+ Bg7 40. hxg7+ Kg8 41. Rf8+ Rxf8 42. Qh8+ Kf7 43. gxf8Q+ 1-0

[Event "Barcelona Sants op 21st"]
[Site "Barcelona"]
[Date "2019.09.01"]
[Round "10"]
[White "Salinas Herrera, Pablo Patricio"]
[Black "Moehn, Hans"]
[Result "1-0"]
[WhiteElo "2506"]
[BlackElo "2370"]
[PlyCount "39"]
[EventDate "2019.08.23"]
[EventType "swiss"]
[EventRounds "10"]
[EventCountry "ESP"]
[SourceTitle "EXT 2020"]
[Source "ChessBase"]
[SourceDate "2019.10.17"]
[SourceVersion "1"]
[SourceVersionDate "2019.10.17"]
[SourceQuality "1"]

1. Nf3 Nf6 2. g3 g6 3. b3 Bg7 4. Bb2 0-0 5. Bg2 c5 6. c4 Nc6 7. 0-0 d6 8. d3 Rb8 9. Nc3 Bf5 10. Qd2 Qd7 11. Nd5 e5 12. Rfe1 Nxd5 13. cxd5 Ne7 14. b4 b6 15. Bh1 Bg4 16. Nh4 Nf5 17. Nxf5 Bxf5 18. a4 Rfc8 19. Rec1 Re8 20. Bg2 1-0

[Event "Barcelona Sants op 21st"]
[Site "Barcelona"]
[Date "2019.08.31"]
[Round "9"]
[White "Stella, Andrea"]
[Black "Moehn, Hans"]
[Result "1/2-1/2"]
[WhiteElo "2490"]
[BlackElo "2370"]
[PlyCount "71"]
[EventDate "2019.08.23"]
[EventType "swiss"]
[EventRounds "10"]
[EventCountry "ESP"]
[SourceTitle "EXT 2020"]
[Source "ChessBase"]
[SourceDate "2019.10.17"]
[SourceVersion "1"]
[SourceVersionDate "2019.10.17"]
[SourceQuality "1"]

1. d4 Nf6 2. c4 g6 3. g3 Bg7 4. Bg2 0-0 5. Nc3 d6 6. Nf3 Nc6 7. 0-0 e5 8. dxe5 Nxe5 9. b3 Nxf3+ 10. Bxf3 Ne4 11. Nxe4 Bxa1 12. Bg5 f6 13. Bh6 Be5 14. Bxf8 Qxf8 15. Bg2 f5 16. Nc5 c6 17. Nd3 Bf6 18. Qd2 Be6 19. Rd1 Bf7 20. Qa5 Qd8 21. Qa3 Qc7 22. Ne1 Be7 23. Qb2 a5 24. a4 Rd8 25. Qd4 Rd7 26. h4 Qd8 27. Nd3 Bf6 28. Qe3 Re7 29. Qd2 Qb6 30. Nc1 Qc7 31. h5 Kg7 32. hxg6 hxg6 33. e4 fxe4 34. Bxe4 d5 35. cxd5 cxd5 36. Bf3 1/2-1/2

[Event "Barcelona Sants op 21st"]
[Site "Barcelona"]
[Date "2019.08.27"]
[Round "5"]
[White "Moehn, Hans"]
[Black "Gomez Barrera, Javiera Belen"]
[Result "1-0"]
[WhiteElo "2370"]
[BlackElo "2156"]
[PlyCount "147"]
[EventDate "2019.08.23"]
[EventType "swiss"]
[EventRounds "10"]
[EventCountry "ESP"]
[SourceTitle "EXT 2020"]
[Source "ChessBase"]
[SourceDate "2019.10.17"]
[SourceVersion "1"]
[SourceVersionDate "2019.10.17"]
[SourceQuality "1"]

1. c4 Nf6 2. Nc3 g6 3. e4 d6 4. d4 Bg7 5. h3 0-0 6. Be3 e5 7. d5 Nh5 8. g3 a5 9. Be2 Nf6 10. g4 Ne8 11. Qd2 Na6 12. h4 c6 13. h5 Nac7 14. Na4 cxd5 15. cxd5 Nf6 16. f3 Nd7 17. Nb6 Nxb6 18. Bxb6 Qe7 19. Nh3 Na6 20. Be3 f6 21. hxg6 hxg6 22. Qxa5 Bd7 23. Qd2 Rfc8 24. Kf2 Nc5 25. Kg2 Kf7 26. Nf2 Rh8 27. b3 b6 28. b4 Na4 29. Bd3 b5 30. Rxh8 Rxh8 31. Rh1 Rxh1 32. Nxh1 Qd8 33. Ng3 Qc7 34. Qc2 Qb7 35. Ne2 Bf8 36. g5 Be7 37. gxf6 Bxf6 38. Qc1 Qb8 39. Qh1 Qh8 40. Qxh8 Bxh8 41. Bc2 Bf6 42. Kf1 Ke7 43. Ke1 Kd8 44. Bxa4 bxa4 45. Nc3 Bh4+ 46. Bf2 Bg5 47. Kd1 Kc7 48. Kc2 Kb7 49. Kd3 Ka6 50. Be3 Bh4 51. Kc4 Be1 52. b5+ Ka5 53. Bg5 Kb6 54. Bd8+ Kb7 55. Nxa4 Bh3 56. Nb2 Bg2 57. Nd3 Bd2 58. a4 Bxf3 59. a5 Bxe4 60. a6+ Ka7 61. Nb4 Bxb4 62. Kxb4 Bxd5 63. Bc7 e4 64. Bxd6 e3 65. Bc5+ Ka8 66. Bxe3 Bf3 67. Ka5 Be4 68. Bf4 Bf3 69. b6 Be4 70. Kb4 g5 71. Bg3 g4 72. Kc5 Bf3 73. Kd6 Bc6 74. Kc7 1-0

[Event "Erfurt op 28th"]
[Site "Erfurt"]
[Date "2018.12.28"]
[Round "4"]
[White "Garzinsky, Dominik"]
[Black "Moehn, Hans"]
[Result "0-1"]
[WhiteElo "2085"]
[BlackElo "2364"]
[PlyCount "34"]
[EventDate "2018.12.26"]
[EventType "swiss"]
[EventRounds "8"]
[EventCountry "GER"]
[SourceTitle "CBM 188 Extra"]
[Source "ChessBase"]
[SourceDate "2019.02.26"]
[SourceVersion "1"]
[SourceVersionDate "2019.02.26"]
[SourceQuality "1"]

1. c4 e6 2. g3 d5 3. Bg2 g6 4. Nf3 Bg7 5. 0-0 Ne7 6. d3 0-0 7. Nc3 Nbc6 8. Bd2 h6 9. Rb1 a5 10. Nb5 e5 11. cxd5 Nxd5 12. Nxe5 Nxe5 13. Bxd5 c6 14. f4 cxd5 15. fxe5 Qb6+ 16. d4 Qxb5 17. Rc1 Be6 0-1

[Event "Erfurt op 28th"]
[Site "Erfurt"]
[Date "2018.12.27"]
[Round "3"]
[White "Moehn, Hans"]
[Black "Gramb, Marius"]
[Result "1-0"]
[WhiteElo "2364"]
[BlackElo "2188"]
[PlyCount "79"]
[EventDate "2018.12.26"]
[EventType "swiss"]
[EventRounds "8"]
[EventCountry "GER"]
[SourceTitle "CBM 188 Extra"]
[Source "ChessBase"]
[SourceDate "2019.02.26"]
[SourceVersion "1"]
[SourceVersionDate "2019.02.26"]
[SourceQuality "1"]

1. Nf3 c5 2. b3 Nc6 3. Bb2 d6 4. d4 cxd4 5. Nxd4 Bd7 6. Nc3 Nf6 7. e4 g6 8. Nxc6 Bxc6 9. f3 Bg7 10. Qd2 0-0 11. 0-0-0 Qa5 12. Kb1 Rfc8 13. g4 Rab8 14. g5 Nh5 15. Bh3 Bd7 16. Nd5 Qxd2 17. Rxd2 Bxh3 18. Nxe7+ Kf8 19. Nxc8 Rxc8 20. Rhd1 Bxb2 21. Kxb2 Ke7 22. Rxd6 Nf4 23. R6d2 Rc5 24. Rg1 a5 25. Rg3 b5 26. a3 b4 27. axb4 axb4 28. Rd1 Bd7 29. h4 Ne2 30. Rg2 Nc3 31. Ra1 Bb5 32. Rd2 Be2 33. Rd4 Bxf3 34. Rxb4 Nd1+ 35. Kc1 Nf2 36. Ra7+ Kd6 37. Rb6+ Ke5 38. Rd7 Rc3 39. Rf6 Nd3+ 40. Kd2 1-0